000 00420nam a2200181Ia 4500
005 20240823005247.0
008 240823s9999||||xx |||||||||||||| ||und||
041 _aENGLISH
082 _A621.4022 N7
100 _a"Kern,Donald Q"
245 0 _aProcess Heat Transfer
250 _a1st
260 _c1997
_b"TMH,New Delhi"
500 _aYES
650 _aHeat Transfer
_bMechanical
942 _cBK
999 _c155211
_d155211